Problematika financovania verejného sektora z aspektu jeho príjmov a výdavkov medzinárodná vedecká konferencia
Guardado en:
| Autores Corporativos: | , |
|---|---|
| Formato: | Libro |
| Lenguaje: | eslovaco checo polaco |
| Publicado: |
Bratislava
Katedra financií NHF EU
[2001]
|
| Materias: | |
| Etiquetas: |
Sin Etiquetas, Sea el primero en etiquetar este registro!
|
MARC
| LEADER | 00000nam a2200000 4500 | ||
|---|---|---|---|
| 001 | c125056 | ||
| 005 | 20240104092547.3 | ||
| 020 | |a 80-225-1406-3 | ||
| 041 | 0 | |a slo | |
| 041 | 0 | |a cze | |
| 041 | 0 | |a pol | |
| 044 | |a SK | ||
| 245 | 1 | 0 | |a Problematika financovania verejného sektora z aspektu jeho príjmov a výdavkov |b medzinárodná vedecká konferencia |
| 264 | 1 | |a Bratislava |b Katedra financií NHF EU |c [2001] | |
| 300 | |a 487 s. | ||
| 610 | 2 | 0 | |a sektor verejný |
| 610 | 2 | 0 | |a financovanie |
| 610 | 2 | 0 | |a príjmy |
| 610 | 2 | 0 | |a výdavky |
| 610 | 2 | 0 | |a politika finančná |
| 610 | 2 | 0 | |a zdroje finančné |
| 610 | 2 | 0 | |a modelovanie |
| 610 | 2 | 0 | |a výdavky na správu štátnu |
| 610 | 2 | 0 | |a optimalizácia |
| 610 | 2 | 0 | |a zdaňovanie |
| 610 | 2 | 0 | |a výroba poľnohospodárska |
| 610 | 2 | 0 | |a kultúra |
| 610 | 2 | 0 | |a dane z príjmov |
| 610 | 2 | 0 | |a reformy daňové |
| 610 | 2 | 0 | |a vzdelávanie |
| 610 | 2 | 0 | |a školy vysoké |
| 610 | 2 | 0 | |a zaťaženie daňové |
| 610 | 2 | 0 | |a reštrukturalizácia finančná |
| 610 | 2 | 0 | |a porovnanie medzinárodné |
| 610 | 2 | 0 | |a pravidlá rozpočtové |
| 610 | 2 | 0 | |a audit |
| 610 | 2 | 0 | |a obce |
| 610 | 2 | 0 | |a služby verejné |
| 610 | 2 | 0 | |a hospodárstvo trhové |
| 610 | 2 | 0 | |a organizácie neziskové |
| 610 | 2 | 0 | |a podnikanie |
| 610 | 2 | 0 | |a prognózovanie |
| 610 | 2 | 0 | |a Slovensko |
| 610 | 2 | 0 | |a Česko |
| 610 | 2 | 0 | |a Európska únia |
| 110 | 2 | |a Problematika financovania verejného sektora z aspektu jeho príjmov a výdavkov. Medzinárodná vedecká konferencia | |
| 710 | 2 | |a Národohospodárska fakulta EU. Katedra financií | |